Les 10 Meilleurs Buteurs De L'OM Depuis 1970 - Statistiques

Statistiques générales
  • Ce quiz a été pris 161 fois
  • Le résultat moyen est 5 sur 10
Statistiques - réponses
Ordre Poste Nationalité Joueur Nombre
De Buts
Nombre de Matchs
Joués avec le club
Saisons % Correct
5 M France DimitriPayet 78 326 2013 - 20152017 - 2023
89%
1 A France Jean - PierrePapin 182 275 1986 - 1992
88%
4 A France FlorianThauvin 86 281 2013 - 20152016 - 2021
83%
6 A France André - PierreGignac 77 188 2010 - 2015
79%
3 A Sénégal MamadouNiang 100 227 2005 - 2010
76%
10 A Ghana AndréAyew 60 209 2007 - 20082010 - 2015
68%
2 A Yougoslavie JosipSkoblar 155 300 1970 - 1975
36%
8 A Irlande TonyCascarino 70 105 1994 - 1996
15%
9 A Sénégal BoubacarSarr 70 169 1975 - 19761977 - 1979
1983 - 1984
6%
7 A France MarcPascal 72 173 1978 - 1985
2%
Aucun quiz correspondant
Distribution des résultats
% des personnes avec chaque résultat
Percentile par nombre de réponses
Votre historique - résultats
Vous n’avez pas pris ce quiz